Strategic capitalism : Private business and public purpose in japanese industrial finance

Was Japan's economic miracle generated primarily by the Japanese state or by the nation's dynamic private sector? In addressing this question, Kent Calder's richly detailed study offers a distinctive reinterpretation of Japanese government-business relations. Calder challenges popular...

ver descrição completa

Na minha lista:
Detalhes bibliográficos
Autor principal: Calder, Kent E.
Formato: Livro
Idioma:Undetermined
Publicado em: New Jersey Princeton University press 1993
Assuntos:
Tags: Adicionar Tag
Sem tags, seja o primeiro a adicionar uma tag!
Thư viện lưu trữ: Trung tâm Học liệu Trường Đại học Cần Thơ
LEADER 01114nam a2200229Ia 4500
001 CTU_228972
008 210402s9999 xx 000 0 und d
082 |a 338.70952 
082 |b C146 
100 |a Calder, Kent E. 
245 0 |a Strategic capitalism : 
245 0 |b Private business and public purpose in japanese industrial finance 
245 0 |c Kent E. Calder 
260 |a New Jersey 
260 |b Princeton University press 
260 |c 1993 
520 |a Was Japan's economic miracle generated primarily by the Japanese state or by the nation's dynamic private sector? In addressing this question, Kent Calder's richly detailed study offers a distinctive reinterpretation of Japanese government-business relations. Calder challenges popular opinion to demonstrate how Japanese private enterprise has complemented the state in achieving the national purpose of industrial transformation. 
650 |a Chính sách công nghiệp,Industrial policy 
650 |z Nhật Bản,Japan 
904 |i Danh Thị Mai 
910 |b dqhieu 
980 |a Trung tâm Học liệu Trường Đại học Cần Thơ